书目信息 |
| 题名: |
听培根谈人生哲理
|
|
| 作者: | 徐苑琳 编著 | |
| 分册: | ||
| 出版信息: | 北京 中国纺织出版社 2017 |
|
| 页数: | 262页 | |
| 开本: | 24cm | |
| 丛书名: | ||
| 单 册: | ||
| 中图分类: | B561.21 | |
| 科图分类: | ||
| 主题词: | 人生哲学--通俗读物 | |
| 电子资源: | ||
| ISBN: | 978-7-5180-3991-3 | |
| 000 | 00832nam0 2200229 450 | |
| 001 | 012001000076 | |
| 005 | 20140920091301.0 | |
| 010 | @a978-7-5180-3991-3@dCNY38.00 | |
| 100 | @a20171222d2017 em y0chiy50 ea | |
| 101 | 0 | @achi |
| 102 | @aCN@b110000 | |
| 105 | @ay z 000yy | |
| 106 | @ar | |
| 200 | 1 | @a听培根谈人生哲理@9Ting Pei Gen Tan Ren Sheng Zhe Li@f徐苑琳编著 |
| 210 | @a北京@c中国纺织出版社@d2017 | |
| 215 | @a262页@d24cm | |
| 330 | @a《听培根谈人生哲理》本书精选了《培根随笔》中的经典段落和名言警句,结合现代社会的人文、知识、关系等,谈论了我们在生活中遇到的方方面面的问题和生活琐事,从人生真谛、社会发展、自身情感等方面深入剖析了培根思想。 | |
| 606 | 0 | @a人生哲学@j通俗读物 |
| 690 | @aB561.21@v5 | |
| 701 | 0 | @a徐苑琳@9Xu Yuan Lin@4编著 |
| 801 | 0 | @aCN@b上海新华@c20180901 |
| 905 | @b1040369-73@dB561.21@e68@f5 | |
| 听培根谈人生哲理/徐苑琳编著.-北京:中国纺织出版社,2017 |
| 262页;24cm |
| ISBN 978-7-5180-3991-3:CNY38.00 |
| 《听培根谈人生哲理》本书精选了《培根随笔》中的经典段落和名言警句,结合现代社会的人文、知识、关系等,谈论了我们在生活中遇到的方方面面的问题和生活琐事,从人生真谛、社会发展、自身情感等方面深入剖析了培根思想。 |
| ● |
| 相关链接 |
|
|
|
|
正题名:听培根谈人生哲理
索取号:B561.21/68
 
预约/预借
| 序号 | 登录号 | 条形码 | 馆藏地/架位号 | 状态 | 备注 |
| 1 | 1040369 | 210403696 | 第一样本阅览室/ [索取号:B561.21/68] | 在馆 | |
| 2 | 1040370 | 210403703 | 第一借阅区/ [索取号:B561.21/68] | 在馆 | |
| 3 | 1040371 | 210403712 | 第一借阅区/ [索取号:B561.21/68] | 在馆 | |
| 4 | 1040372 | 210403721 | 第一借阅区/ [索取号:B561.21/68] | 在馆 | |
| 5 | 1040373 | 210403730 | 第一借阅区/ [索取号:B561.21/68] | 在馆 |